000 00334nam a2200145 i 4500
001 bg
100 1 _aCRANGLE, J.
245 0 _aThe magnetic properties of solids /
_cJ. Crangle.
260 _aLondon,
_c1977.
040 _cBPK
041 _apol
080 _a537.6:538.9
942 _cKS
008 s pl f |000 0 pol
999 _c17934
_d17934
856 _uhttp://koha.tu.koszalin.pl/cgi-bin/koha/opac-detail.pl?biblionumber=17934
_yKatalog online BPK